[Event "World Team-ch 2017"]
[Site "Khanty-Mansyisk"]
[Date "2017.06.23"]
[Round "6"]
[White "Vidit, Santosh Gujrathi"]
[Black "Solak, Dragan"]
[Result "1/2-1/2"]
[WhiteElo "2692"]
[BlackElo "2641"]
[Annotator "TA"]
[PlyCount "49"]
[EventDate "2017.??.??"]
[EventType "team-tourn"]
[EventCountry "RUS"]
[SourceTitle "playchess.com"]
[Source "ChessBase"]
[SourceQuality "1"]
[WhiteTeam "IND"]
[BlackTeam "TUR"]
[WhiteTeamCountry "IND"]
[BlackTeamCountry "TUR"]

{[%evp 17,49,26,20,0,12,0,-9,0,25,0,7,0,0,0,14,0,0,0,0,0,0,0,0,0,12,0,0,0,0,-8,8,10,17,4]} 1. d4 d5 2. c4 c6 3. Nf3 Nf6 4. Nc3 dxc4 5. a4 a5 6. e4 Bg4 7. Bxc4 e6 8. Be3 Bb4 {D16: Slav Defence: 5 a4: Lines with 5...Bg4 and 5...Na6} (8... Nbd7 9. h3 Bh5 10. O-O Bb4 11. Bd3 O-O 12. Qc2 Bxf3 13. gxf3 e5 14. dxe5 Nxe5 15. Be2 Ng6 16. f4 Bxc3 17. bxc3 {½-½ (51) So,W (2815)-Giri,A (2785) chess.com INT 2017}) 9. Qc2 Nbd7 {[%cal Bb8d7,Bd7e5,Be5g4][%mdl 32] LiveBook: 18 Games} 10. Be2 O-O 11. Rd1 $146 ({Predecessor:} 11. O-O Bxf3 12. Bxf3 e5 13. Na2 Bd6 14. g3 Qe7 15. dxe5 Nxe5 16. Bg2 {1-0 (56) Lalic,B (2469)-Del Rey,D (2372) La Roda 2012}) 11... Qe7 12. O-O Bxf3 13. Bxf3 e5 {The position is equal.} 14. dxe5 Nxe5 15. Be2 Neg4 16. Bc1 Qe5 {[%csl Gg4][%cal Re5h2] [#]} 17. g3 Qh5 {[%csl Gg4][%cal Rh5h2]} 18. h4 Qc5 19. Kg2 Rad8 20. Bf4 h5 21. Bg5 Rxd1 22. Bxd1 Re8 23. Bf3 b5 24. Bxf6 Nxf6 25. Rc1 {Precision: White = 37%, Black = 58%.} 1/2-1/2

[Event "World Team-ch 2017"]
[Site "Khanty-Mansyisk"]
[Date "2017.06.23"]
[Round "6"]
[White "Shankland, Samuel L"]
[Black "Hesham, Abdelrahman"]
[Result "1-0"]
[WhiteElo "2676"]
[BlackElo "2372"]
[Annotator "TA"]
[PlyCount "80"]
[EventDate "2017.??.??"]
[EventType "team-tourn"]
[EventCountry "RUS"]
[SourceTitle "playchess.com"]
[Source "ChessBase"]
[SourceQuality "1"]
[WhiteTeam "USA"]
[BlackTeam "EGY"]
[WhiteTeamCountry "USA"]
[BlackTeamCountry "EGY"]

{[%evp 14,80,50,42,61,52,53,64,86,-14,68,63,81,19,103,112,98,103,195,193,194,115,113,108,108,100,83,-8,130,112,124,111,123,112,122,84,227,199,223,194,218,0,0,0,-6,-12,213,185,796,0,0,0,0,0,540,538,608,603,1102,1070,1991,1115,6187,6095,5816,5473,1962,479,29976]} 1. d4 Nf6 2. c4 g6 3. Nc3 Bg7 4. e4 d6 5. Nge2 O-O 6. Ng3 Nc6 7. d5 Ne5 8. Be2 {LiveBook: 14 Games} h5 {E70: King's Indian: Miscellaneous lines with 4 e4, including 5 Nge2 and 5 Bd3 0-0 6 Nge2} (8... e6 9. f4 Ned7 10. O-O exd5 11. cxd5 Re8 12. Bf3 a6 13. Re1 b5 14. Be3 Bb7 15. Rc1 Rc8 16. a3 {1-0 (63) Malmstig,E (2291)-Cicak,S (2553) Norrkoeping 2013}) 9. f4 Ned7 10. Be3 Nc5 $146 {White is slightly better.} ({Predecessor:} 10... Nb6 11. h3 Re8 12. e5 dxe5 13. fxe5 Nh7 {1-0 (31) Barp,A (2217)-Loiacono,A (2009) Venice 2015}) 11. Bf3 (11. Bxc5 $16 {Black must now prevent Be3.} dxc5 12. e5) 11... Ng4 (11... e5 $11) 12. Bd4 (12. Bxc5 $5 dxc5 13. e5 $14) 12... Bh6 13. b4 ({Better is} 13. h3 $16 Bxf4 14. Nxh5 gxh5 15. hxg4) 13... e5 (13... Na6 $11 {remains equal.}) 14. fxe5 $16 Na6 15. exd6 $1 Qxd6 (15... Be3 $16 {was called for.}) 16. c5 $18 Qf4 17. Nce2 (17. Nge2 $18 Qg5 18. b5) 17... Qg5 $16 18. b5 Nb8 19. Bxg4 Bxg4 20. Bb2 ({White should try} 20. O-O $16) 20... h4 (20... Bxe2 $1 $11 21. Qd4 (21. Nxe2 Qxg2 22. Rf1 Qxe4 $17) (21. Qxe2 h4 $11) 21... Kh7) 21. Qd4 {[%csl Gb2][%cal Rd4h8]} Kh7 22. Bc1 $40 {[%mdl 128] White has strong attack.} Qe7 23. Bxh6 Kxh6 24. e5 f5 (24... Bxe2 $16 {is a better defense.} 25. Nxe2 Nd7) 25. d6 cxd6 26. cxd6 (26. exd6 $6 Qe8) 26... Qe8 27. Nf4 $2 ({White should play} 27. h3 $18 Bxe2 28. Nxe2) 27... Qxb5 $11 {Strongly threatening ...Nc6.} 28. h3 Nc6 29. Qe3 Nb4 $2 (29... Qa5+ $11 30. Kf1 Qxe5 31. Qxe5 Nxe5) 30. Rc1 $1 $18 (30. Ne6+ $2 f4 $19) (30. Kd2 Nc2 $1 $15 {[%mdl 512]}) 30... Rac8 $2 (30... Rae8 31. e6 Nd3+ 32. Nxd3+ f4 33. Nxf4 Qb4+ 34. Qd2 Rxf4 35. Qxb4 (35. hxg4 Rxe6+ 36. Ne2 Qxd2+ 37. Kxd2 Rxg4 $16) 35... Rxb4) 31. Rxc8 $2 ({White has to play} 31. hxg4 $18 {Ne6+ would kill now.} Nc2+ 32. Rxc2 Qb1+ 33. Kf2 Qxc2+ 34. Nge2) 31... Rxc8 $11 32. Nfe2+ $1 ({Don't go for} 32. Ne6+ $2 Kh7 $19) ({But not} 32. Nfh5+ $2 g5 $19) 32... Kg7 33. O-O Nc2 $2 {[%mdl 8192] [#]} (33... Nd5 $11 34. Qd2 hxg3) 34. Qg5 $1 $18 {[%cal Rg5f6] White is clearly winning.} Qxe5 35. d7 Rh8 36. Nf4 Qd4+ 37. Kh1 Qxd7 38. Qxg6+ Kf8 39. Qf6+ Kg8 40. Ng6 (40. Ne6 $142 {Intending Qg6+ and mate.} Qf7 41. Qg5+ Kh7 42. Nxf5 Re8 43. Qxh4+ Bh5 44. Ng5+ Kg8 45. Nxf7) 40... Rh6 {Precision: White = 52%, Black = 24%.} (40... Qg7 $18 41. Qd8+ Kh7 42. Nxh8 hxg3) 1-0

[Event "World Team-ch 2017"]
[Site "Khanty-Mansyisk"]
[Date "2017.06.23"]
[Round "6"]
[White "Moiseenko, Alexander"]
[Black "Li, Chao b"]
[Result "1/2-1/2"]
[WhiteElo "2675"]
[BlackElo "2720"]
[Annotator "TA"]
[PlyCount "26"]
[EventDate "2017.??.??"]
[EventType "team-tourn"]
[EventCountry "RUS"]
[SourceTitle "playchess.com"]
[Source "ChessBase"]
[SourceQuality "1"]
[WhiteTeam "UKR"]
[BlackTeam "CHN"]
[WhiteTeamCountry "UKR"]
[BlackTeamCountry "CHN"]

{[%evp 10,26,18,17,17,27,24,29,59,20,23,29,30,9,0,15,18,22,30]} 1. d4 d5 {[%cal Bd7d5,Bd5c4][%mdl 32]} 2. c4 dxc4 3. Nf3 a6 4. e3 b5 5. a4 Bb7 6. b3 e6 {D22: Queen's Gambit Accepted: 3 Nf3 a6 4 e3} 7. bxc4 bxc4 8. Bxc4 Nf6 {White has an edge.} 9. O-O (9. Nbd2 Nbd7 10. Qb3 Rb8 11. Qd3 Nd5 12. Bxd5 exd5 13. Ba3 c5 14. dxc5 Bxc5 {0-1 (41) Dominguez Perez,L (2732)-Ponomariov,R (2712) Huaian 2016}) 9... c5 10. Ba3 Be7 11. Bxc5 Bxc5 {The position is equal.} 12. dxc5 Qxd1 $146 ({Predecessor:} 12... Nbd7 13. a5 Rc8 14. Qe2 Nxc5 15. Nbd2 O-O 16. Rfb1 Qc7 17. h3 Rfd8 18. Qf1 g5 19. Be2 g4 20. hxg4 Nxg4 {½-½ (20) Kizov,A (2408)-Prie,E (2490) France 2011}) 13. Rxd1 Nbd7 1/2-1/2

[Event "World Team-ch 2017"]
[Site "Khanty-Mansyisk"]
[Date "2017.06.23"]
[Round "6"]
[White "Sasikiran, Krishnan"]
[Black "Can, Emre"]
[Result "1-0"]
[WhiteElo "2669"]
[BlackElo "2589"]
[Annotator "TA"]
[PlyCount "143"]
[EventDate "2017.??.??"]
[EventType "team-tourn"]
[EventCountry "RUS"]
[SourceTitle "playchess.com"]
[Source "ChessBase"]
[SourceQuality "1"]
[WhiteTeam "IND"]
[BlackTeam "TUR"]
[WhiteTeamCountry "IND"]
[BlackTeamCountry "TUR"]

{[%evp 20,143,24,30,25,14,27,24,35,36,45,11,17,-17,31,21,21,28,34,35,31,17,24,24,25,12,39,33,34,0,0,0,0,0,0,0,28,16,8,11,267,256,258,266,249,257,242,261,242,0,82,0,231,186,82,66,96,40,39,39,53,36,29,19,61,29,42,29,24,16,44,17,103,103,134,134,141,149,139,120,149,137,144,109,187,152,154,118,244,244,244,244,244,210,175,0,244,242,172,189,502,495,847,852,6595,970,728,560,1429,1418,1588,1567,1520,1483,1488,1488,1360,1324,1287,1270,1429,1137,1428,1330,29954,10045]} 1. e4 c5 2. Nf3 d6 3. d4 cxd4 4. Nxd4 Nf6 5. Nc3 a6 6. Be3 e5 7. Nb3 Be6 8. f3 h5 9. Nd5 {B90: Sicilian Najdorf: Unusual White 6th moves, 6 Be3 Ng4 and 6 Be3 e5} Bxd5 10. exd5 Nbd7 11. Qd2 {LiveBook: 245 Games. White has an edge.} g6 12. O-O-O Nb6 13. Kb1 Nbxd5 14. Bg5 Be7 {[#]} 15. h4 $146 {[%mdl 1024] White has compensation.} ({Predecessor:} 15. c4 Nc7 16. Na5 Rb8 17. c5 d5 {1-0 (38) Inarkiev,E (2732)-Oparin,G (2617) Novosibirsk 2016}) 15... Nb6 16. Bd3 (16. Bxf6 $5 Bxf6 17. Qxd6 $11) 16... d5 17. Rhe1 Nfd7 18. Na5 Bxg5 19. hxg5 Qc7 20. c4 dxc4 {[#]} 21. Nxc4 $1 {[%mdl 512]} O-O (21... Nxc4 22. Bxc4) 22. Nxb6 Qxb6 23. g4 {Strongly threatening gxh5.} Nc5 $1 {[%cal Rc5d3]} 24. Bc2 Rfd8 25. Qe3 (25. Qe2 $5 {[%cal Rg4h5]}) 25... Rxd1+ 26. Rxd1 {aiming for gxh5.} h4 $1 27. Rh1 {Threatens to win with Qe1.} Rd8 28. Qe1 {[#]} h3 $1 {[%mdl 512] White must now prevent ...Nd3.} 29. Qg3 $40 {[%mdl 128] White is up to no good.} (29. Rxh3 Nd3) 29... Qd6 $2 {[%mdl 8192]} (29... Kf8 $11 {and Black is okay.}) 30. Qxh3 $18 {[%csl Gh1][%cal Rh3h8]} Kf8 31. Rd1 Qc7 32. Qh8+ Ke7 33. Qf6+ $1 ({Resist} 33. Rxd8 $6 Qxd8 34. Qxe5+ Ne6 $16) 33... Ke8 34. Qh8+ $2 (34. Re1 $1 $18 Nd7 35. Qg7) 34... Ke7 $16 35. Qf6+ (35. Rxd8 $16 Qxd8 36. Qxe5+ Ne6 37. a3) 35... Ke8 $18 {With the idea ...Rxd1+.} 36. Rxd8+ ({Don't play} 36. Qh8+ $6 Ke7 $16) (36. Re1 $1 $18 {and the rest is easy. And now Bxg6! would win.} Nd7 37. Qg7) 36... Qxd8 $16 37. Qxe5+ Qe7 38. Qh8+ (38. Qxe7+ $1 $16 Kxe7 39. f4) 38... Kd7 $14 {( -> ...Qe1+)} 39. Qd4+ Qd6 40. Qb4 b6 41. Qc4 Qe6 42. Qc3 Qd6 43. Qe3 (43. Bb3 $5) 43... Qe6 44. Qf2 Qd6 45. f4 {[%cal Bf3f4,Bf4f5][%mdl 32] Threatening f5.} Ne6 {[#]} (45... Nd3 $11 {keeps the balance.} 46. Bxd3 Qxd3+ 47. Kc1 Qc4+ 48. Kd2 Qd5+ 49. Kc3 Kc7) 46. f5 $1 $16 {[%cal Rf5e6]} Nxg5 47. Qe3 Nh7 48. fxg6 fxg6 49. Qd3 Nf8 50. Qxa6 Ke7 51. a4 Qb4 (51... Nd7 $16 {is a better defense.} 52. Qb5 Ne5) 52. Qe2+ $18 Kf6 53. Qe4 Qd6 {[#]} (53... Qxe4 $16 54. Bxe4 Ke5) 54. Qd3 $1 {[%cal Rd3d6]} Qb4 55. Qd8+ Ke5 56. Qc7+ Kf6 57. Qd8+ (57. Ka2 $142) 57... Ke5 $1 58. Qg5+ Kd6 59. Qf6+ Ne6 $2 (59... Kd7 {is a better chance.} 60. Qg7+ Qe7 61. Qd4+ Qd6) 60. Qxg6 Qe1+ (60... Ke7 $142 61. g5 Qf4 62. Qh7+ Kf8) 61. Ka2 Kc5 62. Qf5+ (62. Qe8 $142 Kd6 63. Bf5) 62... Kd6 63. Qd3+ Kc7 64. Qe4 Qxe4 65. Bxe4 {[%mdl 4096] Endgame KB-KN} Kd6 66. Bf5 Nd4 67. Ka3 Kc5 68. Bd3 Nf3 69. Kb3 Ne5 70. Be2 Kd4 71. g5 Ke3 72. Bh5 {Precision: White = 62%, Black = 50%.} 1-0

[Event "World Team-ch 2017"]
[Site "Khanty-Mansyisk"]
[Date "2017.06.23"]
[Round "6"]
[White "Robson, Ray"]
[Black "Abdelnabbi, Imed"]
[Result "1-0"]
[WhiteElo "2656"]
[BlackElo "2428"]
[Annotator "TA"]
[PlyCount "49"]
[EventDate "2017.??.??"]
[EventType "team-tourn"]
[EventCountry "RUS"]
[SourceTitle "playchess.com"]
[Source "ChessBase"]
[SourceQuality "1"]
[WhiteTeam "USA"]
[BlackTeam "EGY"]
[WhiteTeamCountry "USA"]
[BlackTeamCountry "EGY"]

{[%evp 18,49,50,25,49,17,26,0,0,0,0,0,0,0,135,141,358,365,367,362,615,608,724,730,730,728,679,707,704,704,680,666,1490,1482]} 1. e4 c5 2. Nf3 d6 3. d4 cxd4 4. Nxd4 Nf6 5. Nc3 Nc6 6. Bg5 e6 7. Qd2 a6 8. O-O-O Bd7 9. f3 Qc7 10. h4 {LiveBook: 5 Games. B67: Sicilian: Richter-Rauzer: 7...a6 8 0-0-0 Bd7, lines without 9 f4 Be7} Ne5 11. Bd3 h6 12. Be3 {White has an edge.} (12. Bxf6 $5 gxf6 13. f4 $11) 12... h5 13. Rhe1 b5 14. Kb1 Be7 (14... b4 $5 15. Nce2 $8 Nxd3 16. Qxd3 (16. cxd3 a5 $11) 16... Be7 $11) 15. Bg5 Nc4 $146 (15... Qb6 $11 {remains equal.} 16. Be3 Qc7) ({Predecessor:} 15... b4 16. Nce2 a5 17. f4 Neg4 {½-½ (31) Andriasian,Z (2645)-Dubov,D (2489) Aix les Bains 2011}) 16. Bxc4 $1 $16 Qxc4 $2 {[#]} (16... bxc4 $16 {was necessary.} 17. f4 Qb6) 17. Nf5 $1 $18 {[%mdl 512]} exf5 18. exf5 Bxf5 $2 {[#]} (18... Be6 19. b3 (19. fxe6 fxe6 20. Bxf6 gxf6 $18) 19... Qc8) 19. Rxe7+ $1 {[%mdl 512] White is clearly winning.} Kxe7 20. Qxd6+ Ke8 21. Bxf6 gxf6 {[#]} 22. Re1+ $1 ({Less strong is} 22. Qxf6 Bxc2+ 23. Kxc2 Rg8 $14) 22... Be6 23. Nd5 $1 {[%cal Rd5f6]} Qxd5 24. Qxd5 Rd8 25. Rxe6+ 1-0

[Event "World Team-ch 2017"]
[Site "Khanty-Mansyisk"]
[Date "2017.06.23"]
[Round "6"]
[White "Zhigalko, Sergei"]
[Black "Tari, Aryan"]
[Result "1-0"]
[WhiteElo "2635"]
[BlackElo "2593"]
[Annotator "TA"]
[PlyCount "49"]
[EventDate "2017.??.??"]
[EventType "team-tourn"]
[EventCountry "RUS"]
[SourceTitle "playchess.com"]
[Source "ChessBase"]
[SourceQuality "1"]
[WhiteTeam "BLR"]
[BlackTeam "NOR"]
[WhiteTeamCountry "BLR"]
[BlackTeamCountry "NOR"]

{[%evp 14,49,23,18,53,43,62,48,52,39,52,64,58,30,96,68,83,92,211,205,200,201,202,188,205,201,185,192,420,422,29981,570,29982,29982,29979,1175,1322,1302]} 1. e4 c6 2. d4 d5 3. e5 Bf5 4. Nf3 e6 5. Be2 Ne7 6. c3 Nd7 7. O-O h6 8. a4 {LiveBook: 11 Games. B12: Caro-Kann: Advance Variation} a5 (8... c5 9. dxc5 Nxc5 10. Nd4 Bg6 11. a5 a6 12. Be3 Nf5 13. Nxf5 Bxf5 14. Nd2 Be7 15. Nb3 Rc8 16. Nxc5 Bxc5 {½-½ (46) Fressinet,L (2676)-Melkumyan,H (2653) Germany 2017}) 9. Na3 g5 10. Ne1 $146 {White is slightly better.} ({Predecessor:} 10. c4 Bg6 11. Re1 Bg7 12. h4 g4 13. Nh2 h5 14. Bg5 f6 15. exf6 Nxf6 16. cxd5 exd5 {0-1 (44) Paveto,K (2424)-Real de Azua,E (2458) San Luis 2016}) 10... Bg7 11. f4 gxf4 12. Nd3 Qb6 13. Kh1 Ng6 (13... h5 $11) 14. Nxf4 $16 Nxf4 15. Rxf4 f6 (15... Bg6 $16) 16. Rxf5 $18 exf5 17. e6 Nf8 18. Bd3 Nxe6 19. Bxf5 Ng5 {[#]} 20. Qh5+ $1 Kf8 $2 {[#]} (20... Nf7 {was necessary.} 21. Be6 (21. Bd7+ Kf8 $11) 21... Rf8) 21. Bf4 $1 Qxb2 (21... Qd8 $18 22. Re1 Nf7) 22. Bd6+ Kg8 23. Re1 Rf8 24. Bxf8 (24. Nc2 $142 Rh7 25. Qg6 Kh8 26. h4 Rf7 27. hxg5 Bf8 28. gxf6 Qc1 29. Rxc1) 24... Qf2 25. Qe8 {Precision: White = 78%, Black = 29%.} 1-0

[Event "World Team-ch 2017"]
[Site "Khanty-Mansyisk"]
[Date "2017.06.23"]
[Round "6"]
[White "Piorun, Kacper"]
[Black "Matlakov, Maxim"]
[Result "1/2-1/2"]
[WhiteElo "2632"]
[BlackElo "2707"]
[Annotator "TA"]
[PlyCount "98"]
[EventDate "2017.??.??"]
[EventType "team-tourn"]
[EventCountry "RUS"]
[SourceTitle "playchess.com"]
[Source "ChessBase"]
[SourceQuality "1"]
[WhiteTeam "POL"]
[BlackTeam "RUS"]
[WhiteTeamCountry "POL"]
[BlackTeamCountry "RUS"]

{[%evp 22,98,31,0,21,0,0,0,7,0,0,-28,-16,-15,-12,-13,-9,-72,-59,-90,-84,-96,-77,-87,-83,-96,0,0,0,0,0,0,0,0,0,-64,-64,-64,-58,-58,-49,-47,-54,-54,-60,-38,-50,-47,-39,-107,-107,-107,-106,-97,0,-29,-29,-29,-29,-29,0,-5,0,0,0,0,0,0,0,0,0,0,0,0,0,0,0,0,0]} 1. e4 e5 2. Nf3 Nc6 3. Bb5 a6 4. Ba4 Nf6 5. O-O Be7 6. Re1 b5 7. Bb3 d6 8. c3 O-O 9. h3 Re8 10. d4 Bb7 11. Nbd2 Bf8 12. a4 Na5 {C92: Closed Ruy Lopez: 9...Be6, Karpov and Flohr-Zaitsev Variations} (12... exd4 13. cxd4 Qd7 14. axb5 axb5 15. Rxa8 Bxa8 16. Ng5 Nd8 17. e5 Nd5 18. Ndf3 h6 19. Ne4 Nb4 20. Qd2 dxe5 21. Nxe5 {1-0 (28) So,W (2762)-Saric,I (2666) Wijk aan Zee 2015}) 13. Bc2 exd4 14. cxd4 b4 15. b3 g6 16. d5 $146 ({Predecessor:} 16. Bb2 Bg7 17. Rb1 Nd7 18. Nf1 d5 19. e5 c5 20. Qd2 {½-½ (41) Poehr,A (2467)-Oreopoulos,K (2475) ICCF email 2014}) 16... Bg7 {Threatens to win with ...Nxd5.} 17. Bb2 c6 18. dxc6 Bxc6 19. Nd4 (19. Rc1 $11) 19... Bb7 $1 $17 20. Qf3 Rc8 21. Rad1 d5 22. e5 {[#]} Nd7 $1 23. Nf1 Qh4 (23... Qg5 $17) 24. Bf5 $1 $11 {[%cal Rf5d7]} Nxe5 25. Rxe5 Rxe5 26. Bxc8 Bxc8 27. Ne3 Qe4 (27... Qh5 $5 {[%cal Rh5f3]}) 28. Qg3 (28. Qe2 $11) 28... Re8 $15 {[%cal Be5e8,Be8c8,Bc8c2][%mdl 32] And now ...Be5 would win.} 29. Qd6 {[#]} Nxb3 $1 {[%mdl 512]} 30. Qxb4 (30. Nxb3 Bxb2) 30... Nxd4 31. Bxd4 Be6 32. Qb6 Rc8 33. Bxg7 Kxg7 34. Qxa6 d4 35. Nf1 (35. Ng4 $1 $15) 35... Rc2 $17 36. Qd6 Bd5 {[%csl Gd5][%cal Re4g2]} 37. Qg3 {[#]} Qe2 (37... Bc4 $1 $17 {Hoping for ...h5.} 38. Ra1 Qd5) 38. Rd2 Rxd2 39. Nxd2 Qxd2 40. Qe5+ f6 41. Qxd5 $11 {[%mdl 4096] Endgame KQ-KQ. The position is equal.} d3 42. Qd7+ Kh6 43. Qd8 $1 Qc3 {White must now prevent ...d2.} 44. Kh2 d2 {aiming for ...Qc2.} 45. f4 {Qf8+ would kill now.} g5 46. g4 {White threatens Qf8+ and mate.} gxf4 47. Qf8+ Kg6 48. Qg8+ Kh6 {( -> ...Qg3+)} 49. Qf8+ Kg6 {Precision: White = 64%, Black = 68%.} 1/2-1/2

[Event "World Team-ch 2017"]
[Site "Khanty-Mansyisk"]
[Date "2017.06.23"]
[Round "6"]
[White "Yilmaz, Mustafa"]
[Black "Adhiban, B."]
[Result "1-0"]
[WhiteElo "2630"]
[BlackElo "2670"]
[Annotator "TA"]
[PlyCount "169"]
[EventDate "2017.??.??"]
[EventType "team-tourn"]
[EventCountry "RUS"]
[SourceTitle "playchess.com"]
[Source "ChessBase"]
[SourceQuality "1"]
[WhiteTeam "TUR"]
[BlackTeam "IND"]
[WhiteTeamCountry "TUR"]
[BlackTeamCountry "IND"]

{[%evp 21,169,0,14,0,43,36,43,35,29,35,39,34,42,42,42,38,60,49,75,70,77,82,70,77,188,205,202,207,187,81,83,80,81,79,112,94,120,95,101,97,98,98,97,97,95,91,95,92,105,112,161,162,166,142,141,107,108,102,104,97,101,84,77,61,54,51,51,58,60,56,60,43,57,41,53,53,53,51,72,72,72,72,72,70,83,77,194,194,250,250,235,199,942,928,894,938,946,891,996,973,941,921,967,946,1077,0,980,994,974,865,687,1054,1022,937,1061,1008,945,962,940,0,810,772,1186,1183,1034,574,574,0,570,0,547,0,1098,1142,1008,829,829,826,1118,1077,4134,3835,6054,5402,29983,29984,29985,29986,29986,29987]} 1. d4 d5 2. c4 e6 3. Nf3 Nf6 4. Nc3 c6 5. e3 Nbd7 6. Qc2 Bd6 7. Bd3 O-O 8. O-O dxc4 9. Bxc4 Qe7 10. h3 e5 11. Bb3 Bc7 12. Rd1 {D46: Semi-Slav: 5 e3 Nbd7 6 Bd3, Black avoids the Meran} h6 13. Nh4 $1 {[%cal Rh4g6] Threatens to win with Ng6.} Rd8 14. Nf5 {White is slightly better.} Qf8 15. Nb5 Bb8 16. dxe5 Nxe5 17. Rxd8 Qxd8 18. Nbd4 $36 {[%mdl 2048] White has the initiative.} a5 {next ...a4! is good for Black.} 19. a4 Ba7 {[#]} 20. Bd2 $146 c5 21. Nb5 c4 22. Ba2 Nf3+ (22... Bxf5 $16 {was necessary.} 23. Qxf5 Qxd2 24. Qxe5 Re8) 23. gxf3 $18 Bxf5 24. Qxf5 Qxd2 25. Bxc4 (25. Nxa7 $18 {and the rest is easy. Nb5 is the strong threat.} Qxb2 26. Qb1 Qxb1+ 27. Rxb1 Rxa7 28. Bxc4) 25... Bb6 $16 26. Qd3 Rd8 27. Qb3 Qd7 28. Kg2 Nh7 29. h4 Bc5 30. Nc3 Qe7 31. Rd1 Rxd1 32. Qxd1 Nf6 33. Qd3 Bb4 34. Ne2 Nd7 35. Qf5 Ne5 36. Bd5 b6 37. f4 Nd7 38. Ng3 Nf6 39. Bb3 Qc7 40. e4 Qc6 41. Qg6 Qb7 42. Kf1 Kf8 43. Qf5 {Strongly threatening e5.} Qd7 44. Qxd7 $1 Nxd7 $14 {[%mdl 4096] Endgame KBN-KBN} 45. Bc2 Bd2 46. f5 Ne5 47. Ke2 Bf4 48. Nh5 Bc1 49. b3 Ng4 50. Kf3 Ne5+ 51. Kg3 Nc6 52. Bd1 Nd4 53. Nf4 Bxf4+ (53... b5 $16 {might work better.}) 54. Kxf4 $16 {And now Ke5 would win. KB-KN} Ke7 (54... Nc6 {was worth a try.} 55. e5 f6) 55. e5 $18 f6 {[#]} 56. Ke4 $1 {[%cal Re4d4]} fxe5 $2 (56... Nc6 57. f4 Kd7) 57. f4 Nc6 58. fxe5 Nb4 59. Be2 Nc6 60. Bf3 Nb4 61. Bg2 Nc2 62. Bf1 Nb4 63. Be2 $2 (63. Bb5 $18 {Hoping for h5.} Nc2 64. Bc4) 63... Nc2 $2 {[%mdl 8192]} (63... Nc6 $11 64. Bc4 Nb4) 64. Kd3 Nb4+ 65. Kc4 Nc6 66. Kd5 Nb4+ {[#]} 67. Kd4 $1 Nc6+ 68. Ke4 Nb4 69. Bb5 Nc2 70. Bf1 Nb4 71. Kd4 Nc2+ 72. Kd3 Ne1+ 73. Ke3 Nc2+ 74. Ke4 Nb4 75. Kd4 Nc2+ $1 76. Kd3 (76. Kc3 $142 Ne1 77. Be2) 76... Ne1+ $1 77. Kc4 Nf3 78. Kb5 Nxe5 79. Kxb6 Kd6 80. Kxa5 Nc6+ 81. Kb6 Nd4 82. a5 {[%cal Ba4a5,Ba5a6,Ba6a7][%mdl 32]} Nxb3 83. a6 {White mates.} Nc5 84. a7 Nd7+ 85. Ka5 {Precision: White = 70%, Black = 49%.} 1-0